The unfinished revolution : (Record no. 2258)
[ view plain ]
| 000 -LEADER | |
|---|---|
| fixed length control field | 00965cam a2200289 a 4500 |
| 001 - ACCESSION NUMBER | |
| control field | 4042 |
| 003 - CONTROL NUMBER IDENTIFIER | |
| control field | AuCNLKIN |
| 005 - DATE AND TIME OF LATEST TRANSACTION | |
| control field | 20150323151012.0 |
| 008 - FIXED-LENGTH DATA ELEMENTS--GENERAL INFORMATION | |
| fixed length control field | 120207s1967 nyu 000 0 eng |
| 020 ## - INTERNATIONAL STANDARD BOOK NUMBER | |
| International Standard Book Number | 0000 |
| 035 ## - SYSTEM CONTROL NUMBER | |
| System control number | (OCoLC)406919 |
| 040 ## - CATALOGING SOURCE | |
| Original cataloging agency | DLC |
| Transcribing agency | DLC |
| Modifying agency | UKM |
| -- | B2Q |
| -- | BAKER |
| -- | NLGGC |
| -- | BTCTA |
| -- | OCLCG |
| -- | CUI |
| -- | OCoLC |
| -- | NSL |
| 043 ## - GEOGRAPHIC AREA CODE | |
| Geographic area code | e-ur--- |
| 082 ## - DEWEY DECIMAL CLASSIFICATION NUMBER | |
| Classification number | 947.987 |
| 100 1# - MAIN ENTRY--PERSONAL NAME | |
| Personal name | Deutscher, Isaac, |
| Dates associated with a name | 1907-1967. |
| 245 14 - TITLE STATEMENT | |
| Title | The unfinished revolution : |
| Remainder of title | Russia, 1917-1967 / |
| Statement of responsibility, etc. | Isaac Deutscher. |
| 260 ## - PUBLICATION, DISTRIBUTION, ETC. (IMPRINT) | |
| Place of publication, distribution, etc. | New York : |
| Name of publisher, distributor, etc. | Oxford University Press, |
| Date of publication, distribution, etc. | 1967. |
| 300 ## - PHYSICAL DESCRIPTION | |
| Extent | 115 p. ; |
| Dimensions | 21 cm. |
| 490 1# - SERIES STATEMENT | |
| Series statement | The George Macaulay Trevelyan lectures ; |
| Volume/sequential designation | 1967. |
| 490 1# - SERIES STATEMENT | |
| Series statement | Trevelyan lectures ; |
| Volume/sequential designation | 1967. |
| 650 #0 - SUBJECT ADDED ENTRY--TOPICAL TERM | |
| Topical term or geographic name as entry element | Revolutions. |
| 651 #0 - SUBJECT ADDED ENTRY--GEOGRAPHIC NAME | |
| Geographic name | Soviet Union |
| General subdivision | History |
| Chronological subdivision | Revolution, 1917-1921 |
| General subdivision | Influence. |
| 651 #0 - SUBJECT ADDED ENTRY--GEOGRAPHIC NAME | |
| Geographic name | Soviet Union |
| General subdivision | Social conditions. |
| 830 #0 - SERIES ADDED ENTRY--UNIFORM TITLE | |
| Uniform title | The George Macaulay Trevelyan lectures ; |
| Volume number/sequential designation | 1967. |
| 830 #0 - SERIES ADDED ENTRY--UNIFORM TITLE | |
| Uniform title | Trevelyan lectures ; |
| Volume number/sequential designation | 1967. |
| 942 ## - ADDED ENTRY ELEMENTS (KOHA) | |
| Source of classification or shelving scheme | Dewey Decimal Classification |
| Koha item type | Books |
| Withdrawn status | Lost status | Source of classification or shelving scheme | Damaged status | Not for loan | Home library | Current library | Date acquired | Total Checkouts | Full call number | Barcode | Date last seen | Price effective from | Koha item type |
|---|---|---|---|---|---|---|---|---|---|---|---|---|---|
| Dewey Decimal Classification | Not For Loan | Wesley Powell Learning Resource Centre | Wesley Powell Learning Resource Centre | 03/23/2015 | RBC/947.987 DEU | 4042 | 03/23/2015 | 03/23/2015 | Books |